[Event "Tourn. n9626"]
[Site "www.chess-mail.com"]
[Date "2018.02.11"]
[Round "1"]
[White "Claymil"]
[Black "Libiesse"]
[WhiteElo "2070"]
[BlackElo "1840"]
[Result "1-0"]
[Round "1"]
1.c4 c5
2.Nb1c3 e6
3.g3 Nb8c6
4.Bf1g2 Ng8f6
5.e3 Bf8e7
6.Ng1e2 O-O
7.O-O d5
8.cxd5 exd5
9.d4 cxd4
10.Ne2xd4 Nc6xd4
11.Qd1xd4 Bc8e6
12.Rf1d1 Be7c5
13.Qd4f4 Bc5d6
14.Qf4d4 Qd8e7
15.Nc3xd5 Nf6xd5
16.Bg2xd5 Rf8d8
17.Bd5xe6 Qe7xe6
18.Qd4a4 Bd6e5
19.Kg2 g6
20.Ra1b1 Rd8xd1
21.Qa4xd1 Qe6f5
22.Bc1d2 Ra8d8
23.Rb1c1 Be5xb2
24.Rc1c2 Qf5e4
25.Kg1 Bb2a3
26.Qd1b1 Ba3f8
27.Qb1c1 { time. }
1-0

[Event "Tourn. n9671"]
[Site "www.chess-mail.com"]
[Date "2018.02.11"]
[Round "1"]
[White "Osopanda"]
[Black "Dussek"]
[WhiteElo "1790"]
[BlackElo "1840"]
[Result "1-0"]
[Round "1"]
1.e4 e5
2.Ng1f3 Nb8c6
3.Bf1b5 Ng8f6
4.d3 a6
5.Bb5a4 Bf8e7
6.O-O b5
7.Ba4b3 O-O
8.c3 h6
9.Bc1e3 Bc8b7
10.Nb1d2 d6
11.d4 Nc6a5
12.Bb3c2 Na5c4
13.Nd2xc4 bxc4
14.d5 Nf6g4
15.Be3d2 Ra8b8
16.h3 Ng4f6
17.Nf3h4 Qd8d7
18.Nh4f5 Bb7a8
19.f4 Rb8xb2
20.fxe5 dxe5
21.Bc2a4 c6
22.dxc6 Ba8xc6
23.Ba4xc6 Qd7xd2
24.Qd1xd2 Rb2xd2
25.Nf5xe7 Kh8
26.a4 a5
27.Ne7f5 Rd2c2
28.Bc6b5 Rc2xc3
29.Ra1c1 Nf6xe4
30.Rc1xc3 Ne4xc3
31.Nf5d6 Nc3xb5
32.Nd6xc4 f6
33.axb5 a4
34.Rf1a1 Rf8d8
35.Ra1xa4 e4
36.b6 f5
37.b7 Rd8b8
38.Ra4a8 { resign }
1-0

[Event "Tourn. n9644"]
[Site "www.chess-mail.com"]
[Date "2018.02.11"]
[Round "1"]
[White "Jackbauer"]
[Black "Falcoale"]
[WhiteElo "1830"]
[BlackElo "1820"]
[Result "0-1"]
[Round "1"]
1.e4 c5
2.f4 e6
3.Ng1f3 b6
4.c4 Bc8b7
5.Nb1c3 a6
6.d4 Ng8e7
7.Bf1e2 cxd4
8.Nf3xd4 Nb8c6
9.Bc1e3 Ne7g6
10.O-O Ra8c8
11.g3 Bf8c5
12.a3 Bc5e7
13.Be2h5 O-O
14.b3 Nc6xd4
15.Be3xd4 Be7c5
16.Bd4xc5 bxc5
17.Bh5xg6 fxg6
18.h4 Qd8c7
19.Rf1e1 e5
20.Nc3d5 Bb7xd5
21.Qd1xd5 Kh8
22.Re1e3 exf4
23.Re3d3 fxg3
24.e5 Rf8f4
25.Rd3xg3 Rf4d4
26.Qd5f3 Qc7xe5
27.Ra1f1 Rc8g8
28.Rg3g5 Qe5e4
29.Qf3xe4 Rd4xe4
30.h5 gxh5
31.Rg5xh5 d6
32.Kh2 Re4e3
33.Rh5h3 Re3xh3
34.Kxh3 g6
35.Kh4 Rg8e8
36.Kg5 Re8e5
37.Kg4 h5
38.Kh4 Re5e3
39.Rf1f8 Kg7
40.Rf8a8 Re3xb3
41.Ra8xa6 Kf7
42.a4 Ke6
43.Kg5 Rb3b4
44.a5 Rb4xc4
45.Ra6a8 Rc4a4
46.Kxg6 h4
47.a6 h3
48.Ra8h8 Ra4xa6
49.Rh8xh3 d5
50.Rh3e3 Kd7
51.Kf5 d4
52.Re3d3 Kd6
53.Ke4 Ra6a1
54.Rd3g3 Ra1e1
55.Kd3 Kc6
56.Kd2 Re1e5
57.Kd3 Kd5
58.Rg3f3 c4
59.Kc2 Re5e2
60.Kd1 d3
{ resign }
0-1

[Event "Tourn. n9613"]
[Site "www.chess-mail.com"]
[Date "2018.02.11"]
[Round "1"]
[White "Julian"]
[Black "Dussek"]
[WhiteElo "1630"]
[BlackElo "1890"]
[Result "1/2-1/2"]
[Round "1"]
1.e4 c6
2.d4 d5
3.Nb1d2 dxe4
4.Nd2xe4 Bc8f5
5.Ne4g3 Bf5g6
6.Ng1f3 h6
7.Bf1d3 Bg6xd3
8.Qd1xd3 Ng8f6
9.O-O e6
10.Bc1f4 Nb8d7
11.Rf1e1 Bf8b4
12.c3 Bb4a5
13.Bf4d6 Nd7b6
14.b4 Qd8xd6
15.bxa5 Nb6d5
16.Nf3e5 O-O
17.f4 Nd5xf4
18.Qd3f3 Nf4d5
19.Ng3e4 Qd6e7
20.Ne4xf6 Nd5xf6
21.c4 Ra8d8
22.Ra1d1 Nf6d7
23.Ne5xd7 Rd8xd7
24.d5 cxd5
25.cxd5 Qe7f6
26.Qf3xf6 gxf6
27.dxe6 Rd7e7
28.exf7 Re7xf7
29.Rd1d5 f5
30.Kf2 f4
31.Kf3 b6
32.Re1e6 Kg7
33.Rd5d6 Rf7f6
34.Rd6d7 Rf8f7
35.Re6e7 Kg6
36.Re7xf7 Rf6xf7
37.Rd7xf7 Kxf7
38.axb6 axb6
39.Kxf4 Kf6
40.g4 b5
41.h4 b4
42.g5 hxg5
43.hxg5 Kg6
44.Kg4 Kf7
45.Kf5 Kg7
46.g6 Kg8
47.Kf6 Kf8
48.g7 Kg8
49.Ke6 Kxg7
50.Kd6 Kf6
51.Kc5 Ke6
52.Kxb4 Kd6
53.Kb5 Kc7
54.Ka6 Kb8
55.a4 Ka8
56.a5 Kb8
57.Kb6 Ka8
58.a6 Kb8
59.a7 Ka8
60.Ka6 
1/2-1/2

[Event "Tourn. n9630"]
[Site "www.chess-mail.com"]
[Date "2018.02.11"]
[Round "1"]
[White "Tartan"]
[Black "Gearoidmac"]
[WhiteElo "2560"]
[BlackElo "2340"]
[Result "1/2-1/2"]
[Round "1"]
1.e4 e6
2.d4 d5
3.Nb1c3 dxe4
4.Nc3xe4 Bc8d7
5.Ng1f3 Ng8f6
6.Bf1d3 Bf8e7
7.O-O Nf6xe4
8.Bd3xe4 Bd7c6
9.Be4d3 Nb8d7
10.Rf1e1 Nd7f6
11.c3 Bc6xf3
12.Qd1xf3 Qd8d5
13.Qf3e2 O-O
14.Bc1f4 c5
15.dxc5 Rf8d8
16.Ra1d1 Qd5xc5
17.Bf4e5 Nf6d7
18.Be5d4 Qc5c7
19.Qe2g4 Be7f6
20.Qg4e4 g6
21.Bd4e3 Ra8c8
22.Be3f4 Qc7b6
23.Qe4e2 Nd7c5
24.Bd3c4 Rd8xd1
25.Re1xd1 Rc8d8
26.Rd1xd8 Qb6xd8
{ draw }
1/2-1/2

[Event "Tourn. n9719"]
[Site "www.chess-mail.com"]
[Date "2018.02.11"]
[Round "1"]
[White "Caroluigi"]
[Black "Begory"]
[WhiteElo "1610"]
[BlackElo "1550"]
[Result "1-0"]
[Round "1"]
1.d4 d5
2.c4 Ng8f6
3.cxd5 Nf6xd5
4.e4 Nd5f6
5.Nb1c3 e6
6.Ng1f3 Bf8b4
7.Qd1a4 Qd8d7
8.Qa4xb4 Nb8c6
9.Qb4c4 O-O
10.Bf1d3 Rf8d8
11.Nc3e2 e5
12.d5 Nc6a5
13.Qc4c3 b6
14.Nf3xe5 Qd7e8
15.b4 Na5b7
16.Bc1b2 Nb7d6
17.Ne2g3 Nd6b5
18.Bd3xb5 Qe8xb5
19.a4 Qb5e8
20.O-O h5
21.h4 a5
22.b5 g6
23.Ne5c6 Rd8d6
24.e5 Nf6xd5
25.Qc3d4 Rd6d8
26.Nc6xd8 Qe8xd8
27.e6 fxe6
28.Qd4g7 
1-0

[Event "Tourn. n9713"]
[Site "www.chess-mail.com"]
[Date "2018.02.11"]
[Round "1"]
[White "Aljekiene"]
[Black "Redapond1"]
[WhiteElo "2059"]
[BlackElo "1860"]
[Result "1-0"]
[Round "1"]
1.d4 d5
2.c4 dxc4
3.e4 e5
4.Ng1f3 exd4
5.Bf1xc4 Bf8b4
6.Bc1d2 h6
7.Bd2xb4 Nb8c6
8.Bc4b5 Bc8d7
{ time. }
1-0

[Event "Tourn. n9615"]
[Site "www.chess-mail.com"]
[Date "2018.02.11"]
[Round "1"]
[White "Pdebonis"]
[Black "Ejner"]
[WhiteElo "2700"]
[BlackElo "2400"]
[Result "1-0"]
[Round "1"]
1.d4 d5
2.Ng1f3 Ng8f6
3.Bc1f4 c5
4.e3 e6
5.c3 Nb8c6
6.Nb1d2 Bf8d6
7.dxc5 Bd6xc5
8.Bf1d3 O-O
9.O-O b6
10.Qd1e2 Qd8e7
11.e4 e5
12.exd5 Nf6xd5
13.Bf4xe5 Nc6xe5
14.Qe2xe5 Qe7xe5
15.Nf3xe5 Bc8e6
16.Bd3c4 Ra8c8
17.Rf1e1 Rf8d8
18.Ra1d1 g6
19.Bc4a6 Rc8c7
20.Nd2b3 Rd8b8
21.Ba6c4 Nd5f4
22.Nb3xc5 Be6xc4
23.Nc5d7 Rb8a8
24.Re1e4 { resign }
1-0

[Event "Match"]
[Site "www.echecsemail.com"]
[Date "2018.02.11"]
[Round "1"]
[White "Passaroa25"]
[Black "Claymil"]
[WhiteElo "1680"]
[BlackElo "2070"]
[Result "0-1"]
[Round "1"]
1.Nb1c3 d5
2.d4 g6
3.e3 Bf8g7
4.Ng1f3 e6
5.Nf3e5 Ng8e7
6.Bf1b5 c6
7.Bb5e2 O-O
8.f4 f6
9.Ne5d3 b6
10.Bc1d2 Bc8b7
11.Be2g4 Ne7f5
12.Nc3e2 Rf8e8
13.g3 Nb8d7
14.c3 e5
15.O-O e4
16.Nd3f2 c5
17.a4 h5
18.Bg4h3 c4
19.Qd1c1 Ra8c8
20.Bh3g2 g5
21.Qc1b1 g4
22.h4 a5
23.b4 axb4
24.Qb1xb4 Bg7f8
25.Qb4b2 Rc8a8
26.Qb2c2 Ra8a6
27.Rf1b1 Qd8c7
28.Kf1 Re8a8
29.Nf2d1 Bb7c6
30.Nd1b2 b5
31.axb5 Ra6xa1
32.Rb1xa1 Ra8xa1
33.Kf2 Bc6xb5
34.Bd2c1 Qc7a5
35.Bg2f1 Ra1a2
36.Ne2g1 Bb5a4
37.Qc2d2 Ba4b3
38.Bf1e2 Bf8a3
39.Be2d1 Bb3xd1
40.Qd2xd1 Ba3xb2
41.Kf1 Ra2a1
42.Ng1e2 Bb2xc1
43.Ne2xc1 Nf5xe3
44.Ke2 Ne3xd1
45.Kxd1 Qa5xc3
{ resign }
0-1

[Event "Match"]
[Site "www.echecsemail.com"]
[Date "2018.02.11"]
[Round "1"]
[White "Ermejo69"]
[Black "Bjonil60"]
[WhiteElo "999"]
[BlackElo "1480"]
[Result "1-0"]
[Round "1"]
1.c4 c5
2.g3 Nb8c6
3.Bf1g2 e6
4.Nb1c3 Qd8e7
5.Ng1f3 h6
6.O-O f6
7.d3 f5
8.e4 fxe4
9.dxe4 d6
10.Bc1f4 e5
11.Bf4e3 b6
12.Nc3d5 Qe7d8
13.a3 Nc6e7
14.b4 cxb4
15.axb4 Bc8b7
16.Ra1c1 Ne7xd5
17.exd5 Ng8e7
18.Nf3h4 g5
19.Qd1h5 Kd7
20.c5 bxc5
21.bxc5 dxc5
22.Rf1d1 a6
23.d6 Ne7c6
24.Nh4g6 Qd8e8
25.Bg2h3 Kd8
26.d7 Qe8f7
27.Be3xg5 Bf8e7
28.Bg5xe7 Kc7
29.Be7d6 Kb6
30.Bd6xc5 Kc7
31.Bc5d6 Kd8
32.Qh5h4 Qf7e7
33.Bd6xe7 Kc7
34.Ng6xh8 Ra8xh8
35.d8Q Rh8xd8
36.Be7xd8 Kb8
37.Bh3g2 Nc6a7
38.Rc1b1 Kc8
39.Bg2xb7 Kb8
40.Bb7xa6 Ka8
41.Qh4e4 Na7c6
42.Qe4xc6 Ka7
43.Qc6b7 
1-0

[Event "Match"]
[Site "www.echecsemail.com"]
[Date "2018.02.11"]
[Round "1"]
[White "Ranjachess"]
[Black "Rindrandria"]
[WhiteElo "1830"]
[BlackElo "1780"]
[Result "1-0"]
[Round "1"]
1.e4 c6
2.d4 d5
3.Qd1f3 Ng8f6
4.Nb1c3 dxe4
5.Nc3xe4 Qd8xd4
6.Ne4xf6 gxf6
7.c3 Qd4b6
8.b4 h5
9.Bc1e3 Qb6d8
10.b5 Qd8a5
11.Be3c5 Bf8h6
12.a4 a6
13.Bc5b4 Qa5c7
14.bxa6 Nb8xa6
15.Bf1xa6 Ra8xa6
16.Ng1e2 Qc7e5
17.h3 Bc8f5
18.Qf3g3 Bh6f4
19.Qg3xf4 Bf5c2
20.a5 O-O
21.O-O Qe5xe2
22.Bb4xe7 Rf8a8
23.Be7xf6 b6
24.Qf4h6 Qe2xf1
25.Ra1xf1 Ra6xa5
26.Qh6g7 
1-0

[Event "Match"]
[Site "www.echecsemail.com"]
[Date "2018.02.11"]
[Round "1"]
[White "Muderfuger"]
[Black "Bjonil60"]
[WhiteElo "1499"]
[BlackElo "1460"]
[Result "0-1"]
[Round "1"]
1.e4 Nb8c6
2.Qd1f3 Ng8f6
3.Bf1c4 d6
4.Nb1c3 a6
5.Ng1h3 h6
6.O-O b5
7.Bc4b3 g6
8.Nc3d5 Nf6xd5
9.exd5 Nc6a7
10.g4 g5
11.d4 f6
12.Rf1e1 Bf8g7
13.c4 bxc4
14.Bb3a4 Bc8d7
15.Ba4c2 e6
16.dxe6 Bd7c8
17.e7 Qd8d7
18.Qf3xa8 Na7c6
19.d5 Nc6xe7
20.Qa8xa6 c6
21.Qa6xc4 cxd5
22.Qc4c3 O-O
23.a4 f5
24.gxf5 Bg7xc3
25.bxc3 Ne7xf5
26.a5 Qd7c6
27.Bc2d3 Qc6xc3
28.Bd3xf5 Bc8xf5
29.Re1e3 Qc3xa1
30.Re3e1 Bf5xh3
31.Bc1d2 Qa1d4
32.Bd2e3 Qd4g4
33.Kh1 Qg4g2
{ resign }
0-1

[Event "Match"]
[Site "www.echecsemail.com"]
[Date "2018.02.11"]
[Round "1"]
[White "Irene"]
[Black "Pangloss"]
[WhiteElo "2020"]
[BlackElo "1809"]
[Result "1-0"]
[Round "1"]
1.d4 Ng8f6
2.Nb1c3 d5
3.g3 c5
4.dxc5 e6
5.e4 d4
6.Nc3b5 Bf8xc5
7.e5 Nf6e4
8.Qd1g4 Qd8a5
9.c3 dxc3
10.bxc3 Bc5xf2
11.Kd1 Qa5a4
12.Ke2  { time }
1-0

[Event "Tourn. n9719"]
[Site "www.chess-mail.com"]
[Date "2018.02.12"]
[Round "1"]
[White "Cristiano"]
[Black "Begory"]
[WhiteElo "1770"]
[BlackElo "1610"]
[Result "1-0"]
[Round "1"]
1.e4 e5
2.f4 Nb8c6
3.Ng1f3 d5
4.d3 dxe4
5.dxe4 Bc8g4
6.Qd1xd8 Ra8xd8
7.c3 Bf8d6
8.Bf1c4 Bg4xf3
9.gxf3 exf4
10.Nb1d2 Ng8f6
11.Bc4b5 O-O
12.Nd2b3 Nc6e5
13.O-O a6
14.Bb5e2 b6
15.Bc1xf4 Ne5g6
16.Bf4g5 Bd6e7
17.Nb3d4 c5
18.Nd4f5 h6
19.Nf5xe7 Kh7
20.Ne7xg6 Kxg6
21.Bg5e3 Rf8e8
22.Ra1d1 Rd8c8
23.Kh1 b5
24.Rf1g1 Kh7
25.Rd1d6 Rc8a8
26.Rg1d1 c4
27.Rd6b6 Nf6d7
28.Rd1xd7 f6
29.Rb6xf6 Kh8
30.Rf6f7 Re8g8
31.Be3d4 { resign }
1-0

[Event "Tourn. n9687"]
[Site "www.chess-mail.com"]
[Date "2018.02.12"]
[Round "1"]
[White "Bojan"]
[Black "Louis"]
[WhiteElo "1950"]
[BlackElo "1980"]
[Result "0-1"]
[Round "1"]
1.e4 c5
2.Ng1f3 d6
3.Bf1c4 Ng8f6
4.d3 Nb8c6
5.a3 e6
6.Nb1c3 Bf8e7
7.Qd1e2 O-O
8.Bc1e3 d5
9.Bc4a2 d4
10.Be3d2 dxc3
11.Bd2xc3 b6
12.Nf3e5 Nc6xe5
13.Bc3xe5 Bc8b7
14.b3 Be7d6
15.Be5c3 Qd8b8
16.Bc3xf6 gxf6
17.Qe2f3 Bd6e5
18.Ra1b1 f5
19.Qf3e2 fxe4
20.dxe4 Be5c3
21.Kf1 Qb8c8
22.Rb1d1 Qc8c7
23.g3 Bc3d4
24.f3 a5
25.a4 Bd4c3
26.Kg2 Bb7a6
27.Qe2e3 Bc3d4
28.Qe3h6 Bd4g7
29.Qh6g5 h6
30.Qg5g4 Qc7e5
31.Rd1d2 Kh7
32.Rh1d1 Qe5b2
33.Ba2b1 Qb2e5
34.Rd2d6 Ra8b8
35.Kf2 Qe5c3
36.f4 Bg7d4
37.Kg2 Qc3e3
38.Qg4f3 Qe3xf3
39.Kxf3 e5
40.c4 Ba6c8
41.Rd1g1 Bd4xg1
42.fxe5 Bc8h3
{ resign }
0-1

[Event "Tourn. n9713"]
[Site "www.chess-mail.com"]
[Date "2018.02.12"]
[Round "1"]
[White "Julian"]
[Black "Bojan"]
[WhiteElo "1800"]
[BlackElo "1940"]
[Result "1-0"]
[Round "1"]
1.e4 e5
2.Ng1f3 d6
3.d4 exd4
4.Nf3xd4 g6
5.Bf1c4 a6
6.Nb1c3 Bf8g7
7.O-O Qd8f6
8.Bc1e3 Ng8e7
9.f4 Ne7c6
10.Nd4xc6 Nb8xc6
11.e5 dxe5
12.fxe5 Qf6e7
13.Bc4xf7 Qe7xf7
14.Rf1xf7 Kxf7
15.Qd1f3 Kg8
16.Ra1f1 Nc6xe5
17.Qf3d5 { resign }
1-0

[Event "Tourn. n9701"]
[Site "www.chess-mail.com"]
[Date "2018.02.12"]
[Round "1"]
[White "Pachi"]
[Black "Osopanda"]
[WhiteElo "1620"]
[BlackElo "1800"]
[Result "0-1"]
[Round "1"]
1.e4 e5
2.b3 d6
3.Bc1b2 Ng8e7
4.d4 Nb8d7
5.g3 g6
6.f4 Bf8g7
7.Bf1h3 O-O
8.Bh3xd7 Bc8xd7
9.dxe5 dxe5
10.fxe5 Ne7c6
11.Ng1f3 Qd8e7
12.O-O Bd7g4
13.Qd1d5 Ra8d8
14.Qd5b5 Bg4xf3
15.Rf1xf3 Rd8d1
16.Rf3f1 Rd1xf1
17.Kxf1 Nc6xe5
18.Qb5xb7 Qe7f6
19.Ke2 Qf6f3
20.Kd2 Rf8d8
21.Ke1 Rd8d1
{ resign }
0-1

[Event "Tourn. n9634"]
[Site "www.chess-mail.com"]
[Date "2018.02.12"]
[Round "1"]
[White "Redapond1"]
[Black "Osopanda"]
[WhiteElo "1660"]
[BlackElo "1800"]
[Result "1-0"]
[Round "1"]
1.d4 d5
2.Bc1f4 e6
3.Nb1c3 Ng8f6
4.Ng1f3 Bf8d6
5.Bf4xd6 cxd6
6.e3 O-O
7.Bf1b5 Nb8c6
8.O-O Nf6e4
9.Nc3xe4 dxe4
10.Nf3d2 d5
11.Bb5xc6 bxc6
12.f3 exf3
13.Rf1xf3 Qd8d6
14.Rf3g3 g6
15.Nd2f3 c5
16.dxc5 Qd6xc5
17.Qd1d4 Qc5xc2
18.Nf3g5 f6
19.Rg3f3 Bc8d7
20.Rf3f2 Qc2c4
21.Rf2xf6 Qc4xd4
22.Rf6xf8 Ra8xf8
23.exd4 Kg7
24.Ra1c1 h6
25.Ng5f3 Rf8c8
26.Rc1xc8 Bd7xc8
27.Kf2 Kf6
28.Ke3 Bc8a6
29.h4 Ba6f1
30.g4 Bf1g2
31.Nf3e5 Bg2e4
32.Kf4 g5
33.hxg5 hxg5
34.Ke3 Be4b1
35.a3 Bb1c2
36.Kd2 Bc2e4
37.b4 Be4g2
38.b5 Bg2f1
39.a4 Ke7
40.Kc3 Bf1e2
41.Kb4 Kf6
42.Kc5 { resign }
1-0

[Event "Tourn. n9676"]
[Site "www.chess-mail.com"]
[Date "2018.02.12"]
[Round "1"]
[White "Jjmcbride"]
[Black "Passaroa25"]
[WhiteElo "1630"]
[BlackElo "1680"]
[Result "1-0"]
[Round "1"]
1.e4 Ng8f6
2.e5 Nf6d5
3.d4 e6
4.c4 Nd5b6
5.Nb1c3 c6
6.c5 Nb6d5
7.Nc3e4 Bf8e7
8.Ng1h3 h6
9.Bc1d2 O-O
10.Bf1d3 f5
11.Ne4g3 g6
12.Bd2xh6 Rf8f7
13.Qd1d2 Rf7h7
14.Bd3e2 Qd8e8
15.Ng3f1 Kf7
16.Bh6g5 b5
17.Bg5xe7 Kxe7
18.Nh3f4 Rh7g7
19.Nf4xd5 exd5
20.Qd2g5 Ke6
21.Qg5f6 
1-0

[Event "Tourn. n9666"]
[Site "www.chess-mail.com"]
[Date "2018.02.12"]
[Round "1"]
[White "Pachi"]
[Black "Cal"]
[WhiteElo "1590"]
[BlackElo "1650"]
[Result "1-0"]
[Round "1"]
1.e4 e5
2.Ng1f3 d6
3.Bf1b5 c6
4.Bb5e2 h6
5.O-O Ng8f6
6.Nb1c3 Bc8g4
7.g3 b5
8.Nf3h4 Bf8e7
9.Be2xg4 O-O
10.f4 Nf6xe4
11.Nc3xe4 exf4
12.Rf1xf4 c5
13.c3 Nb8c6
14.Qd1b3 a5
15.Qb3xb5 Nc6e5
16.b4 axb4
17.cxb4 Ra8b8
18.Qb5f1 Rb8xb4
19.Bg4h5 Be7xh4
20.Bh5xf7 Rf8xf7
21.gxh4 c4
22.Bc1a3 Rb4a4
23.Ne4xd6 Rf7xf4
24.Qf1xf4 Ne5d3
25.Qf4f7 Kh8
26.Qf7d5 Qd8f6
27.Ra1f1 Qf6g6
28.Kh1 Ra4xa3
29.h5 Qg6e8
30.Nd6xe8 Nd3b2
31.Rf1f8 Kh7
32.Qd5g8 { resign }
1-0

[Event "Tourn. n9703"]
[Site "www.chess-mail.com"]
[Date "2018.02.12"]
[Round "1"]
[White "Bojan"]
[Black "Apdash"]
[WhiteElo "2050"]
[BlackElo "2210"]
[Result "0-1"]
[Round "1"]
1.e4 e5
2.Ng1f3 Nb8c6
3.d4 exd4
4.Nf3xd4 d6
5.Nd4xc6 bxc6
6.Qd1f3 Bf8e7
7.Bc1e3 Bc8e6
8.Nb1d2 Qd8d7
9.b3 Be7f6
10.Ra1b1 Bf6c3
11.Bf1d3 a5
12.a4 d5
13.O-O Ng8e7
14.Rf1d1 Ne7g6
15.Qf3h5 Be6g4
16.Qh5g5 Bg4xd1
17.Rb1xd1 Bc3f6
18.Qg5h5 d4
19.Be3g5 Bf6xg5
20.Qh5xg5 O-O
21.Nd2c4 Rf8e8
22.h4 h6
23.Qg5g3 c5
24.h5 Ng6f8
25.Nc4a3 Qd7d6
26.Qg3h3 Nf8e6
27.g3 Ne6g5
28.Qh3h1 Qd6f6
29.f4 Ng5e6
30.Qh1f3 g5
31.hxg6 fxg6
32.Rd1f1 Kh8
33.Na3c4 g5
34.e5 Qf6g7
35.f5 g4
36.Qf3c6 Ne6g5
37.Qc6xc5 Ng5f3
38.Kg2 Nf3xe5
39.f6 Qg7g5
40.Rf1f5 Ne5xd3
41.cxd3 Qg5c1
42.Qc5xd4 Re8e2
43.Rf5f2 Re2xf2
44.Kxf2 Qc1c2
45.Ke3 Ra8e8
46.Nc4e5 Qc2c1
47.Ke4 Qc1c6
48.Kf5 Qc6e6
49.Ke4 Kh7
50.f7 Qe6xf7
51.Qd4c5 Qf7f3
52.Kd4 Qf3f2
53.Kd5 Re8xe5
{ resign }
0-1

[Event "Tourn. n9681"]
[Site "www.chess-mail.com"]
[Date "2018.02.12"]
[Round "1"]
[White "Libiesse"]
[Black "Osopanda"]
[WhiteElo "1840"]
[BlackElo "1780"]
[Result "0-1"]
[Round "1"]
1.d4 d5
2.c4 c6
3.cxd5 cxd5
4.Nb1c3 Ng8f6
5.Ng1f3 Nb8c6
6.Bc1g5 e6
7.e3 Bf8e7
8.Bf1d3 O-O
9.O-O a6
10.a3 b5
11.b4 Bc8b7
12.Qd1c2 Ra8c8
13.Bg5xf6 Be7xf6
14.Bd3xh7 Kh8
15.Bh7d3 e5
16.dxe5 Nc6xe5
17.Nf3d4 Ne5c6
18.Bd3f5 Nc6xd4
19.exd4 Rc8c7
20.Qc2d3 g6
21.Qd3h3 Kg7
22.Qh3g4 Rc7xc3
{ resign }
0-1

[Event "Tourn. n9682"]
[Site "www.chess-mail.com"]
[Date "2018.02.12"]
[Round "1"]
[White "Szustan"]
[Black "Ssharp"]
[WhiteElo "2560"]
[BlackElo "2290"]
[Result "1-0"]
[Round "1"]
1.e4 e6
2.d4 d5
3.Nb1c3 Bf8b4
4.e5 c5
5.a3 Bb4xc3
6.bxc3 Ng8e7
7.Qd1g4 O-O
8.Bf1d3 Nb8c6
9.Qg4h5 Ne7g6
10.Ng1f3 Qd8c7
11.Bc1e3 c4
12.Bd3xg6 fxg6
13.Qh5g4 Qc7f7
14.Nf3g5 Qf7f5
15.Qg4e2 Nc6xe5
16.dxe5 Qf5xe5
17.Qe2d2 h6
18.Ng5f3 Qe5c7
19.O-O b6
20.Rf1e1 Bc8b7
21.Be3d4 Ra8e8
22.h4 Rf8xf3
23.gxf3 e5
24.Qd2e3 { resign }
1-0

[Event "Tourn. n9682"]
[Site "www.chess-mail.com"]
[Date "2018.02.12"]
[Round "1"]
[White "Ssharp"]
[Black "Gvladutz"]
[WhiteElo "2290"]
[BlackElo "2490"]
[Result "0-1"]
[Round "1"]
1.e4 e5
2.Ng1f3 Nb8c6
3.Bf1c4 Bf8c5
4.c3 Ng8f6
5.d4 exd4
6.cxd4 Bc5b4
7.Nb1c3 Nf6xe4
8.O-O Bb4xc3
9.d5 Nc6e5
10.bxc3 Ne5xc4
11.Qd1d4 O-O
12.Qd4xe4 Nc4b6
13.a4 Rf8e8
14.Qe4d4 d6
15.h3 a5
16.Bc1b2 Bc8d7
17.c4 f6
18.Qd4d1 Nb6xc4
19.Bb2c3 Qd8e7
20.Rf1e1 Qe7f7
21.Qd1d3 Re8xe1
22.Ra1xe1 Nc4b6
23.Qd3d2 Qf7xd5
{ resign }
0-1

[Event "Tourn. n9698"]
[Site "www.chess-mail.com"]
[Date "2018.02.12"]
[Round "1"]
[White "Szustan"]
[Black "Asoka"]
[WhiteElo "2600"]
[BlackElo "2660"]
[Result "1/2-1/2"]
[Round "1"]
1.e4 c5
2.c3 Ng8f6
3.e5 Nf6d5
4.Ng1f3 d6
5.d4 cxd4
6.cxd4 Nb8c6
7.Bf1c4 Nd5b6
8.Bc4b5 dxe5
9.Nf3xe5 Bc8d7
10.Ne5xd7 Qd8xd7
11.Nb1c3 e6
12.O-O Ra8d8
13.Bc1e3 Bf8e7
14.Qd1g4 O-O
15.Ra1d1 g6
16.d5 Nb6xd5
17.Be3xa7 Qd7c8
18.Nc3xd5 Rd8xd5
19.Rd1xd5 exd5
20.Qg4xc8 Rf8xc8
21.Ba7b6 Be7f6
22.Rf1d1 Nc6e7
23.b4 Bf6c3
24.Bb6c5 Ne7c6
25.a3 Rc8a8
26.Bb5f1 Ra8xa3
27.b5 Nc6b4
28.Rd1xd5 Nb4xd5
29.Bc5xa3 Bc3d4
{ draw }
1/2-1/2

[Event "Tourn. n9697"]
[Site "www.chess-mail.com"]
[Date "2018.02.12"]
[Round "1"]
[White "Apdash"]
[Black "Mitja"]
[WhiteElo "2160"]
[BlackElo "2020"]
[Result "1-0"]
[Round "1"]
1.e4 d5
2.exd5 Qd8xd5
3.Ng1f3 e6
4.Bf1e2 c6
5.O-O Ng8f6
6.Nb1c3 Qd5d8
7.d4 Nb8d7
8.Bc1g5 h6
9.Bg5h4 Bf8e7
10.Be2c4 Nd7b6
11.Bc4b3 Nf6d5
12.Nc3xd5 Nb6xd5
13.Bh4xe7 Qd8xe7
14.c4 Nd5f6
15.Rf1e1 Qe7c7
16.d5 O-O
17.d6 Qc7d8
18.Qd1d4 Nf6d7
19.c5 Qd8f6
20.Qd4xf6 Nd7xf6
21.Bb3c4 Bc8d7
22.a4 a6
23.Nf3e5 Ra8d8
24.b4 Nf6d5
25.Ne5xd7 Rd8xd7
26.b5 axb5
27.axb5 Nd5b4
28.bxc6 bxc6
29.Ra1b1 Nb4c2
30.Re1c1 Nc2a3
31.Rb1b6 Na3xc4
32.Rc1xc4 Rf8c8
33.Rc4a4 Rd7d8
34.Ra4a6 Rc8b8
35.f4 Rb8c8
36.Rb6xc6 Rc8xc6
37.Ra6xc6 Kf8
38.Rc6c7 Ke8
39.Kf2 Rd8d7
40.Rc7c8 Rd7d8
41.Rc8xd8 Kxd8
42.c6 f6
43.Ke3 g5
44.g3 { resign }
1-0

[Event "Match"]
[Site "www.echecsemail.com"]
[Date "2018.02.12"]
[Round "1"]
[White "Billyg"]
[Black "Sonny1000"]
[WhiteElo "1750"]
[BlackElo "1580"]
[Result "1-0"]
[Round "1"]
1.e4 e5
2.Ng1f3 Qd8f6
3.d3 Bf8b4
4.c3 Bb4a5
5.Bc1g5 Qf6b6
6.Nf3xe5 Qb6e6
7.d4 f6
8.Qd1h5 Kf8
9.b3 fxg5
10.Bf1c4 Qe6f6
11.b4 Qf6e7
12.Qh5f3 Ke8
13.Ne5f7 Qe7f6
14.Qf3xf6 gxf6
15.Nf7xh8 Ng8e7
16.bxa5 Kf8
17.Nh8f7 a6
18.O-O Nb8c6
19.Nf7h6 Ne7g6
20.Nh6f5 b5
21.Bc4d5 Ng6e7
22.Nf5xe7 Kxe7
23.Bd5xc6 dxc6
24.Nb1d2 Bc8g4
25.f3 Bg4e6
26.Rf1e1 h5
27.e5 f5
28.Nd2b3 f4
29.Nb3c5 h4
30.Nc5xe6 Kxe6
31.Ra1c1 Kf5
32.e6 Ra8e8
33.Re1e5 Kf6
34.Rc1e1 Re8e7
35.g3 hxg3
36.hxg3 fxg3
37.Re1e4 Re7xe6
38.Re5xe6 Kf5
39.Kg2 b4
40.Re4e5 Kf4
41.Re6f6 { resign }
1-0

[Event "Match"]
[Site "www.echecsemail.com"]
[Date "2018.02.12"]
[Round "1"]
[White "Carazo"]
[Black "Begory"]
[WhiteElo "1830"]
[BlackElo "1570"]
[Result "1-0"]
[Round "1"]
1.Ng1f3 d5
2.d4 Bc8f5
3.Nb1c3 Nb8c6
4.a3 Ng8f6
5.Bc1g5 e6
6.Nf3e5 Bf8d6
7.Ne5xc6 bxc6
8.Qd1d2 O-O
9.O-O-O h6
10.Bg5xh6 Nf6g4
11.Bh6e3 Ng4xe3
12.Qd2xe3 Ra8b8
13.Nc3a4 Rb8b7
14.Qe3c3 Qd8b8
15.e3 f6
16.Bf1d3 Bf5xd3
17.Rd1xd3 e5
18.h4 e4
19.Rd3d1 Rb7b5
20.Qc3xc6 Qb8b7
21.Qc6xb7 Rb5xb7
22.Na4c3 Rf8b8
23.Nc3a4 Kh7
24.Rd1d2 Bd6xa3
25.c3 Ba3d6
26.f4 Bd6a3
27.Rh1h2 Ba3d6
28.g4 Bd6a3
29.g5 Ba3e7
30.h5 fxg5
31.f5 Kg8
32.h6 gxh6
33.Rh2xh6 Kg7
34.Rd2h2 Kf7
35.Rh6h7 Ke8
36.Rh2h6 Kd7
37.f6 Kc6
38.fxe7 Kd7
39.Na4c5 { resign }
1-0

[Event "Match"]
[Site "www.echecsemail.com"]
[Date "2018.02.12"]
[Round "1"]
[White "Krystek23"]
[Black "Apdash"]
[WhiteElo "2500"]
[BlackElo "2240"]
[Result "1-0"]
[Round "1"]
1.c4 c5
2.Nb1c3 Ng8f6
3.Ng1f3 Nb8c6
4.g3 b6
5.Bf1g2 Bc8b7
6.O-O e6
7.e4 a6
8.Rf1e1 Bf8e7
9.e5 Nf6g4
10.h3 Ng4h6
11.d4 cxd4
12.Nc3e2 Nh6f5
13.Nf3xd4 Nf5xd4
14.Ne2xd4 Qd8c7
15.Nd4xc6 Bb7xc6
16.Bg2xc6 Qc7xc6
17.Bc1e3 Qc6xc4
18.Be3xb6 Qc4c6
19.Bb6d4 O-O
20.Ra1c1 Qc6d5
21.Bd4c3 Qd5xa2
22.Qd1xd7 Be7g5
23.Rc1a1 Qa2c4
24.Re1d1 Rf8d8
25.Qd7b7 Rd8b8
26.Qb7f3 Qc4b5
27.Ra1a5 Qb5b3
28.Rd1d7 Rb8f8
29.Rd7b7 Qb3c4
30.Bc3b4 Qc4c1
31.Kg2 f5
32.Bb4xf8 Kxf8
33.Rb7xg7 Kxg7
34.Qf3xa8 Qc1d2
35.Qa8b7 Kh6
36.Ra5xa6 { resign }
1-0

[Event "1/64 Finale"]
[Site "www.chess-mail.com"]
[Date "2018.02.12"]
[Round "1"]
[White "Vios"]
[Black "Redapond1"]
[WhiteElo "2440"]
[BlackElo "1790"]
[Result "0-1"]
[Round "1"]
1.e4 d5
2.exd5 Qd8xd5
3.Nb1c3 Qd5a5
4.d4 Bc8f5
5.Bf1c4 Nb8c6
6.Ng1e2 e6
7.a3 O-O-O
 { time }
0-1

[Event "Tourn. n9717"]
[Site "www.chess-mail.com"]
[Date "2018.02.13"]
[Round "1"]
[White "Piekki"]
[Black "Apdash"]
[WhiteElo "2170"]
[BlackElo "2150"]
[Result "0-1"]
[Round "1"]
1.e4 e6
2.d4 d5
3.Nb1c3 Bf8b4
4.e5 Ng8e7
5.Ng1f3 c5
6.a3 cxd4
7.Nf3xd4 Bb4c5
8.Bc1e3 Bc5xd4
9.Be3xd4 Bc8d7
10.Bf1d3 Nb8c6
11.Nc3e2 Nc6xd4
12.Ne2xd4 Ne7c6
13.c3 Nc6xe5
{ resign }
0-1

[Event "Tourn. n9680"]
[Site "www.chess-mail.com"]
[Date "2018.02.13"]
[Round "1"]
[White "Attatroll"]
[Black "Tarasch"]
[WhiteElo "1910"]
[BlackElo "1840"]
[Result "0-1"]
[Round "1"]
1.e4 c5
2.Ng1f3 d6
3.d4 cxd4
4.Nf3xd4 Ng8f6
5.Nb1c3 a6
6.Bf1d3 e6
7.O-O Bf8e7
8.Bc1e3 O-O
9.Qd1f3 Qd8c7
10.Ra1d1 b5
11.e5 Bc8b7
12.exd6 Be7xd6
13.Qf3h3 Nb8d7
14.Rf1e1 Nd7e5
15.Nc3e4 Bb7xe4
16.Be3g5 Be4xd3
17.Rd1xd3 Ne5xd3
18.Qh3xd3 Bd6xh2
19.Kh1 Bh2e5
20.c3 Be5xd4
21.Qd3xd4 Ra8d8
22.Qd4h4 Rd8d5
23.Bg5xf6 gxf6
24.f4 Qc7c5
25.g4 Rf8d8
26.Re1g1 Rd5d1
27.Rg1xd1 Rd8xd1
28.Kh2 Qc5g1
{ resign }
0-1